000 00291nam a2200109Ia 4500
008 220204s9999 xx 000 0 und d
082 _a581.9(548)
_bFYS
100 _aFyson, P F
245 0 _aFlora of the S. India hill stations. 2 V
260 _aDelhi
_bToday and tomorrow
_c1977
942 _cBK
999 _c36072
_d36072